Copa do Mundo - Mais vezes Jogador da Partida - Statistics

Estatísticas Gerais
  • Esse quiz foi jogado 95 vezes
    57 desde o último reset
  • A pontuação média é 13 de 16
Estatísticas das Respostas
N° Prêmios País Copas que foi premiado Resposta % Correto
7 Portugal 2010, 2014, 2018 e 2022 Cristiano Ronaldo
100%
5 França 2018 e 2022 Kylian Mbappé
100%
11 Argentina 2010, 2014, 2018 e 2022 Lionel Messi
100%
4 Brasil 2014, 2018 e 2022 Neymar
100%
5 Uruguai 2010, 2014 e 2018 Luis Suárez
96%
5 Croácia 2018 e 2022 Luka Modrić
93%
6 Holanda 2006, 2010, 2014 Arjen Robben
89%
4 Inglaterra 2018 e 2022 Harry Kane
89%
4 Colômbia 2014 e 2018 James Rodríguez
89%
4 Bélgica 2014 e 2018 Eden Hazard
80%
4 França 2018 e 2022 Antoine Griezmann
78%
4 Alemanha 2002 e 2006 Miroslav Klose
78%
4 Alemanha 2010, 2014 Thomas Müller
78%
4 Holanda 2010 Wesley Sneijder
65%
4 Japão 2010 e 2014 Keisuke Honda
63%
4 Coreia do Sul 2002, 2006 e 2010 Park Ji-sung / Park
46%
Nenhum quiz correspondente encontrado
Distribuição das Pontuações
Porcentagem de Pessoas com Cada Pontuação
Percentil de Números Respondidos
Sua Pontuação Histórica
Você não jogou esse quiz desde o último reset